000
00363nam a2200169Ia 4500
003
0STCL
008
150530s9999 xx 000 0 und d
040
_a
STCL
_c
STCL
100
_a
Hardy, T.
245
_a
Mayor of the casterbridge
250
_a
First
260
_c
1966
546
_a
English
942
_2
ddc
_c
BK
999
_c
51822
_d
51822
005
20220125170848.0